000 00249 a2200109 4500
001 68561
040 _cAnchieta - Itaigara
240 1 0 _aA descoberta de Leila
_l
245 1 0 _aA descoberta de Leila
650 4 _aLiteratura infanto-juvenil
942 _cMU
999 _c68561
_d68561